00435 a2200157 450000100060000008200210000610000180002724500800004525000110012526000320013630000210016850000260018960000250021565000250024074000120026578825 a624.17101515 ROS aRoss, C. T.F. aFinite Element Methods in structural mechanics, 1st EdbC.T.F RosshEnglish a1st Ed aNYbEllis Harwood LTDc1985 a320p.bPhotocopy aBE textbook Aerospace tstructural mechanics astructural mechanics hEnglish